00262nam a2200097Ia 4500008004100000100001700041245003800058260004300096300000700139650001800146191201s2012 xx 000 0 und d aSAWARA, Anil 0aHaryanvi Naritaya Geet: Ek Adhyan aN. DelhibHaryana Granth Academyc2012 a93 aGeneral Books